000 01517nam a22002297a 4500
008 240123t20240123xxk|||||o|||| 00| 0 eng d
041 _aeng
110 _aRoyal Institution of Chartered Surveyors
245 _aCompetence Framework for Project Managers in the Built Environment in England
_h[Electronic resource]
260 _aLondon,
_bAssociation for Project Management, CIOB and RICS
_cJanuary 2024
520 _aA new competence framework that applies to the management of projects in the built environment has been launched, following changes in the recently introduced Building Safety Act. Introduced in response to learnings from the Grenfell Tower tragedy, this new framework will have significant implications for project professionals working in the built environment. Association for Project Management (APM) is proud to have played a pivotal role in shaping these changes, to ensure project professionals have a clear understanding of how safer buildings can be created.
650 _aBUILDING SAFETY ACT 2022
650 _aHEALTH AND SAFETY
650 _aPROJECT MANAGEMENT
651 _aUnited Kingdom
690 _96261
_aProject management
710 _aAssociation of Project Managers
710 _aChartered Institute of Building
710 _aRoyal Institution of Chartered Surveyors
856 _uhttps://www.apm.org.uk/v2/media/a1rnnoz0/apm-competence-framework-for-project-managers-in-the-built-environment-in-england.pdf
_zAvailable free on RICS.org
942 _n0
999 _c121776
_d121776